000 00641nam a22002297a 4500
003 DO-SdBNP
005 20220608080517.0
008 171123b 2010 sp a |||| |||| 00| 0 spa d
020 _a9788449438653
040 _aBPMSU
_bspa
_cBPMSU
082 _a220
_bS129b 2010
_222
245 _aSagrada biblia /
_cprólogo Luis Serrallach
260 _aBarcelona :
_bOcéano,
_c2010.
300 _a1535 p. :
_bil. ;
_c28 cm.
500 _aIncluye índices
590 _6Inventariado, 2022/VM
650 4 _aBiblia.
650 4 _aInterpretación de la biblia.
700 1 _aSerrallach, Luis,
_eprólogo
910 _aVMateo V.
942 _2ddc
_cBK
999 _c13036
_d13036